Enciclopedia de la huerta /

Guardado en:
Autor Principal: Lerena Gabarret, Adolfo
Formato: Libro
Publicado: Buenos Aires : Mundo Técnico, 1976
Materias:
Etiquetas: Agregar Etiqueta
Sin Etiquetas, Sea el primero en etiquetar este registro!
LEADER 00910nam a22002055a 4500
001 CEM.cems017756
005 20120316092032.0
008 130507s1976##################000#0#####d
003 CEMS
082 0 4 |a 635.03 
100 1 |a Lerena Gabarret, Adolfo 
245 1 0 |a Enciclopedia de la huerta /  |c Adolfo Lerena Gabarret 
260 |a Buenos Aires :  |b Mundo Técnico,  |c 1976 
300 |a 361 p. 
500 |a Contiene calendario hortícola 
505 0 |a Planificación de una huerta racional -- Breves nociones sobre climatología agrícola -- Protección de los cultivos hortícolas -- Herramientas y maquinarias hortícolas -- Breves nociones de edafología agrícola -- Fertilización del suelo -- El agua -- Enfermedades de los vegetales ortícolas -- Terapéutica vegetal 
653 |a Huerta 
653 |a Calendario hortícola 
653 |a Hortalizas 
859 |a CEMS  |b BIB. CEMS - Agricultura  |h 635.03  |i L562  |p A1495.12  |t Ej.1